000 00654nam a2200229Ia 4500
005 20251020182455.0
008 200515s9999 xx 000 0 und d
020 _a84-96437-31-0
082 _a624.022.7/G25
100 _aGarcía-Agulló, Miguel Ángel
245 0 _aEl estudio de viabilidad de la promoción inmobiliaria : Hepi, herramienta para evaluación de promociones inmobiliarias
250 _a2a ed.
260 _aMadrid
260 _bInversiones Editoriales Dossat
260 _c2006
300 _a283 p.
300 _btbl., col., graf.
500 _a1 ejemplar
650 _aESTRUCTURAS DE ACERO
942 _cLIB
999 _c992
_d992